| 000 | 00573nam a22002057a 4500 | ||
|---|---|---|---|
| 003 | OSt | ||
| 005 | 20140311163000.0 | ||
| 008 | 130212t xxu||||| |||| 00| 0 eng d | ||
| 020 | _a9789715847513 | ||
| 050 |
_aLG 995 _b.B715 2009 |
||
| 100 | _aBonilla, Stephen. | ||
| 245 |
_aManual of perioperative nursing : _cStephen Jo T. Bonilla... [et al.] _breference and reviewer / |
||
| 260 |
_aQuezon City : _bC & E Publishing, Inc., _c 2009. |
||
| 300 |
_a204 p. : _c22 cm. |
||
| 521 | _aNUR | ||
| 562 | _e2 | ||
| 942 |
_2lcc _cBK _kLOC |
||
| 999 |
_c39176 _d39176 |
||